Open Data Biblioteca Nacional de Portugal


República Portuguesa: Ministério da Cultura
Biblioteca Nacional de Portugal

Catálogo da BNP: acesso por Identificadores Unívocos
Registos Bibliográficos associados ao registo de autoridade

Etiqueta de registo: 00000nam 2200025 450
001 2087320
003 http://id.bnportugal.gov.pt/bib/catbnp/2087320
100 ## $a20211213d2021 k y0pory01030103ba
101 0# $aeng
102 ## $aPT
105 ## $aa m 000yy
106 ## $ar
200 1# $aAbdominal aortic aneurism$e the portuguese case, specificities and consequences$dAneurisma da aorta abdominal$e a realidade nacional e suas consequências$fRicardo Castro Ferreira$gorient. Adelino Leite-Moreira, Sérgio Sampaio$zpor
210 #9 $aPorto$c[s.n.],$d2021
215 ## $a105 p.$cil.$d30 cm
328 #1 $aTese dout. Ciências Cardiovasculares, Faculdade de Medicina, Universidade do Porto, 2021
510 1# $aAneurisma da aorta abdominal$e a realidade nacional e suas consequências$zpor
675 ## $a616(043)$vBN$zpor$3428016
700 #1 $aFerreira,$bRicardo Castro$31828351
702 #1 $aMoreira,$bJoaquim Adelino Correia Ferreira Leite$4727$3221821
702 #1 $aSampaio,$bSérgio M.$4727$31317700
801 #0 $aPT$bBN$gRPC
966 ## $lBN$mFGMON$sS.A. 180206 V.$x1
971 ## $clrevez$d20211213
972 ## $e0$z0$d20220405$viquintas
973 ## $cmlsousa$d20220331

Etiqueta de registo: 00000nam 2200025 450
001 2268466
003 http://id.bnportugal.gov.pt/bib/catbnp/2268466
021 ## $aPT$b553542/25
100 ## $a20260218d2025 m y0pory01030103ba
101 1# $apor
102 ## $aPT
105 ## $ay z 000gy
106 ## $ar
200 1# $aFumar às janelas do crânio$epoesia mexicana do século XX$forg., sel. e trad. Luís Filipe Parrado, Ricardo Castro Ferreira$gintrod. e notas Luís Filipe Parrado
210 #9 $a[S.l.]$cLíngua Morta ;$cMaldoror,$dimp. 2025
215 ## $a669, [5] p.$d21 cm
675 ## $a821.134.2(72)-1"19"$vBN$zpor$3556392
702 #1 $aParrado,$bLuís Filipe,$f1968-$4340$359156
702 #1 $aFerreira,$bRicardo Castro$4340$31828351
801 #0 $aPT$bBN$gRPC
856 41 $uhttp://rnod.bnportugal.gov.pt/ImagesBN/winlibimg.aspx?skey=&doc=2268466&img=220243&save=true
900 ## $aBIBNAC$d20260320
966 ## $lBN$mFGMON$sL. 180969 V.$x1
966 ## $lBN$mFGMON$sL. 180969 V.-D$x1
971 ## $ccsilva$d20260218
972 ## $e0$z0$d20260320$vasantos
973 ## $cmlsousa$d20260311

OpendataBNP@bnportugal.pt | Mais informação sobre acesso aos dados BNP